000 00974nam a2200301Ka 4500
001 ocm37187959
003 0
005 20230123133211.0
008 970625s1981 ne a b 000 0 eng d
010 _a74025897
020 _a0444860061
035 _a$BH130
040 _aFKB
_bfre
_cNUST
049 _aMAIN
090 _aQC454.A8
100 1 _aBashkin, Stanley.
245 1 0 _aAtomic energy-level and Grotrian diagrams.
_nv. III,
_pVanadium I-Chromium XXIV /
_cStanley Bashkin and John O. Stoner, Jr.
260 _aAmsterdam :
_bNorth-Holland Pub. Co.,
_c1981
300 _axvi, 549 p. :
_bill. ;
_c30 cm.
504 _aIncludes bibliographies.
650 0 _aAtomic spectroscopy
_xCharts, diagrams, etc.
650 0 _aEnergy levels (Quantum mechanics)
_xCharts, diagrams, etc.
650 0 _aGrotrian diagrams.
700 1 _aStoner, John O.,
_ejoint author.
907 _a.b10043202
_b17-04-03
_c17-04-03
994 _a92
_bZNA
942 _cBOOKS
_kQC454.A8
999 _c144484
_d144484